[Event "Let's Play Chess!"]
[Site "http://www.queenalice.com/game.php?id=62750"]
[Date "2006.4.12"]
[Round "-"]
[White "Frank"]
[Black "lastknight"]
[Result "0-1"]
[WhiteElo "1713"]
[BlackElo "1378"]

1. e4 d5 2. Qf3 dxe4 3. Qxe4 Nf6 4. Qe3 Nc6 5. Nc3 e5 6. Nf3 Bd6 7. Bc4 O-O 8.
Ne4 Nd4 9. Nxd4 exd4 10. Qxd4 Nxe4 11. O-O Bxh2+ 12. Kxh2 Qxd4 13. d3 Nd6 14.
Be3 Qxb2 15. Bb3 Qe5+ 16. Kg1 b6 17. d4 Qf6 18. c3 Be6 19. Bc2 Nf5 20. Be4 Nd6
0-1

[Event "Let's Play Chess!"]
[Site "http://www.queenalice.com/game.php?id=62866"]
[Date "2006.4.13"]
[Round "-"]
[White "MarceloLopes"]
[Black "lastknight"]
[Result "1-0"]
[WhiteElo "1420"]
[BlackElo "1405"]

1. e4 d5 2. d3 dxe4 3. dxe4 Qxd1+ 4. Kxd1 Nc6 5. Bb5 Bd7 6. Nc3 O-O-O 7. Be3
Bg4+ 8. Ke1 Nb4 9. Rc1 e5 10. Bg5 f6 11. f3 Bh5 12. Be3 Bd6 13. a3 Nc6 14. Nh3
Nge7 15. f4 Be8 16. Nd5 Nxd5 17. exd5 1-0

[Event "Let's Play Chess!"]
[Site "http://www.queenalice.com/game.php?id=65643"]
[Date "2006.4.27"]
[Round "-"]
[White "lastknight"]
[Black "ekup"]
[Result "1-0"]
[WhiteElo "1442"]
[BlackElo "1817"]

1. e4 c5 2. Nf3 Nc6 3. Bb5 d6 4. d4 Bd7 5. Bxc6 Bxc6 6. d5 Bd7 7. Bg5 h6 8. Bh4
Nf6 9. Bxf6 exf6 10. Nc3 Bg4 11. O-O Be7 12. Qd3 O-O 13. Nd2 Qd7 14. f3 Bh5 15.
Nc4 Bg6 16. Ne2 b5 17. Ne3 a6 18. a3 Rac8 19. c4 f5 20. Nf4 Bh7 21. b4 Bf6 22.
Ra2 Bd4 23. Ne2 g5 24. Nxd4 cxd4 25. Qxd4 f4 26. Ng4 Rxc4 27. Nxh6# 1-0

[Event "Let's Play Chess!"]
[Site "http://www.queenalice.com/game.php?id=66599"]
[Date "2006.5.3"]
[Round "-"]
[White "appalachia"]
[Black "lastknight"]
[Result "1-0"]
[WhiteElo "1177"]
[BlackElo "1405"]

1. b4 e5 2. a3 d5 3. d4 Nc6 4. Bb2 e4 5. e3 Nf6 6. Bb5 Bd7 7. Bxc6 Bxc6 8. Ne2
Bd6 9. O-O O-O 10. c3 Qe7 11. Nd2 Ng4 12. Nf4 1-0

[Event "Let's Play Chess!"]
[Site "http://www.queenalice.com/game.php?id=68163"]
[Date "2006.5.10"]
[Round "-"]
[White "lastknight"]
[Black "fab_scott"]
[Result "1-0"]
[WhiteElo "1484"]
[BlackElo "1584"]

1. e4 e5 2. Nf3 Nc6 3. Bb5 d6 4. d4 Bd7 5. dxe5 dxe5 6. Bxc6 Bxc6 7. Nxe5 Nf6 8.
Qxd8+ Rxd8 9. Nxc6 bxc6 10. Nc3 Bb4 11. Bd2 Bxc3 12. Bxc3 Ke7 13. f3 Rd7 14. O-O
Rhd8 15. Bb4+ Ke6 16. h3 Nh5 17. Kf2 Nf4 18. Bc5 a6 19. Be3 Ng6 20. Ke2 Ne5 21.
Rad1 Nc4 22. b3 Nxe3 23. Rxd7 Rxd7 24. Kxe3 h5 25. Rf2 g5 26. g4 h4 27. Rd2 Rd6
28. Rd4 c5 29. Rxd6+ cxd6 30. c4 f6 31. f4 a5 32. f5+ Kd7 33. Kd3 Kc6 34. Kc3
Kb6 35. Kb2 Kc6 36. Ka3 Kb6 37. Ka4 Ka6 38. a3 Kb6 39. b4 axb4 40. axb4 cxb4 41.
Kxb4 Kc6 42. Kc3 Kc5 43. Kd3 Kc6 44. Kd4 Kc7 45. Kd5 Kd7 46. c5 dxc5 47. Kxc5
Kc7 48. Kd5 Kd7 49. e5 fxe5 50. Kxe5 Ke7 51. f6+ Kf7 52. Kf5 Ke8 53. Kxg5 Kf7
54. Kf5 Kg8 55. g5 Kh7 56. f7 Kg7 57. g6 Kf8 58. Kg5 Kg7 59. Kxh4 Kf8 60. Kh5
Kg7 61. h4 Kf8 62. Kh6 1-0

[Event "Let's Play Chess!"]
[Site "http://www.queenalice.com/game.php?id=68164"]
[Date "2006.5.10"]
[Round "-"]
[White "bishop120969"]
[Black "lastknight"]
[Result "0-1"]
[WhiteElo "1500"]
[BlackElo "1421"]

1. e4 d5 2. exd5 Qxd5 3. Nf3 Bg4 4. Be2 Nf6 5. c4 Qa5 6. O-O e6 7. d4 c6 8. Nc3
Bd6 9. Bd2 Qb6 10. c5 Bxc5 0-1

[Event "Let's Play Chess!"]
[Site "http://www.queenalice.com/game.php?id=70411"]
[Date "2006.5.21"]
[Round "-"]
[White "lastknight"]
[Black "Mirok"]
[Result "0-1"]
[WhiteElo "1541"]
[BlackElo "2104"]

1. e4 c5 2. Nf3 d6 3. c3 Nf6 4. e5 dxe5 5. Nxe5 Nbd7 6. d4 Nxe5 7. dxe5 Qxd1+ 8.
Kxd1 Ng4 9. Ke1 Nxe5 10. Bb5+ Bd7 11. Bxd7+ Nxd7 12. Be3 e6 13. Nd2 Be7 14. Rd1
O-O 15. Ne4 Rfd8 16. Ke2 b6 17. Rd2 Ne5 18. b3 Rxd2+ 19. Nxd2 Rd8 20. Rd1 f5 21.
h3 g5 22. f4 gxf4 23. Bxf4 Ng6 24. Bg3 e5 25. c4 Kf7 26. Nf3 Rxd1 27. Kxd1 Ke6
28. h4 e4 29. Ng5+ Bxg5 30. hxg5 f4 31. Be1 Kf5 32. g3 f3 33. Bf2 Ne5 34. Kd2
Ng4 35. Be3 f2 0-1

[Event "Let's Play Chess!"]
[Site "http://www.queenalice.com/game.php?id=70667"]
[Date "2006.5.22"]
[Round "-"]
[White "lastknight"]
[Black "claudiocaire"]
[Result "1-0"]
[WhiteElo "1504"]
[BlackElo "1438"]

1. e4 c6 2. d4 Nf6 3. Nc3 d5 4. e5 Nfd7 5. Nf3 e6 6. Bf4 Bb4 7. Bd2 O-O 8. Bd3
c5 9. Ne2 Bxd2+ 10. Qxd2 c4 11. Bxh7+ Kxh7 12. Ng3 Qb6 13. Rb1 Kg8 14. O-O Na6
15. c3 Qd8 16. Qf4 b6 17. Nh5 g6 18. Ng3 b5 19. Qh6 f5 20. Ng5 Qe7 21. Qxg6+ Qg7
22. Qxe6+ Kh8 23. f4 Nc7 24. Qd6 Na6 25. Ne6 Qf6 26. Nxf8 Qxd6 27. exd6 Nxf8 28.
Rbe1 b4 29. Re8 Bb7 30. Rxa8 Bxa8 31. Nxf5 Nb8 32. Re1 bxc3 33. bxc3 Ng6 34.
Re8+ Kh7 35. g3 Nd7 36. Rxa8 Nb6 37. Rxa7+ Kh8 38. d7 Nxd7 39. Rxd7 Nf8 40. Rxd5
Ne6 41. Rd6 Nc7 42. Rc6 Nd5 43. Rxc4 Nf6 44. a4 Ne4 45. a5 Kh7 46. a6 Kg6 47.
Nh4+ Kh5 48. a7 Nd6 49. Rc5+ Kg4 50. Kg2 Ne4 51. a8=Q Nxg3 52. Qf3+ Kxh4 53.
hxg3# 1-0

[Event "Let's Play Chess!"]
[Site "http://www.queenalice.com/game.php?id=70668"]
[Date "2006.5.22"]
[Round "-"]
[White "nsh"]
[Black "lastknight"]
[Result "0-1"]
[WhiteElo "945"]
[BlackElo "1466"]

1. e4 d5 2. Bb5+ Bd7 3. Nc3 d4 4. Nd5 c6 5. Nb6 Qxb6 6. Bc4 e5 7. f4 Bd6 8. c3
f6 9. d3 Ne7 10. Qh5+ g6 11. Qh6 Na6 12. h4 O-O-O 13. a4 f5 14. exf5 Nxf5 15.
Qg5 Be7 16. a5 Qc7 17. g4 Bxg5 18. hxg5 Nd6 19. Bxa6 bxa6 20. fxe5 Rhe8 21. Rxh7
Rxe5+ 22. Kd1 Bxg4+ 23. Ne2 Qxh7 24. Bf4 Rxe2 25. Bg3 Qh1+ 26. Be1 Qxe1# 0-1

[Event "Let's Play Chess!"]
[Site "http://www.queenalice.com/game.php?id=70683"]
[Date "2006.5.22"]
[Round "-"]
[White "lastknight"]
[Black "Girb"]
[Result "0-1"]
[WhiteElo "1472"]
[BlackElo "1482"]

1. e4 c5 2. Nf3 d6 3. Bc4 Nf6 4. Nc3 e5 5. Ng5 Bg4 6. f3 Bh5 7. d3 Nc6 8. Bb5
Be7 9. Be3 a6 10. Bxc6+ bxc6 11. Qd2 Qb6 12. Rb1 h6 13. Nh3 Qa5 14. O-O Qc7 15.
f4 Ng4 16. fxe5 Nxe5 17. d4 Nc4 18. Qe1 Bg5 19. Bxg5 cxd4 20. Ne2 hxg5 21. Nxg5
Qe7 22. Qg3 Nd2 23. Rbd1 Nxf1 24. Rxf1 Bxe2 25. Rxf7 Qe5 26. Qxe5+ dxe5 27. Rxg7
O-O-O 28. Nf7 Rhf8 29. h3 Rd7 0-1

[Event "Let's Play Chess!"]
[Site "http://www.queenalice.com/game.php?id=74101"]
[Date "2006.6.3"]
[Round "-"]
[White "lastknight"]
[Black "romanopff"]
[Result "1-0"]
[WhiteElo "1517"]
[BlackElo "1409"]

1. e4 e5 2. Nf3 Nc6 3. Bb5 a6 4. Bxc6 dxc6 5. Nxe5 Nf6 6. Nc3 Qd4 7. Nf3 Qc4 8.
d3 Qc5 9. O-O Be7 10. Be3 Qh5 11. e5 Nd5 12. Bd2 Nxc3 13. Bxc3 O-O 14. Re1 a5
15. a3 c5 16. d4 Bf5 17. h3 Qg6 18. Nh4 Qe6 19. Nxf5 Qxf5 20. Re3 Ra6 21. d5 Rd8
22. Rf3 Qe4 23. Qd2 Rxd5 24. Qe1 Qxc2 25. Rc1 Qg6 26. Bxa5 b6 27. Bc3 f6 28. e6
c4 29. Rg3 Qf5 30. Rd1 Rxd1 31. Qxd1 Qxe6 32. Re3 Qf7 33. Qd7 h6 34. Rxe7 Ra8
35. Rxf7 Rf8 36. Rxg7+ Kh8 37. Rh7+ 1-0

[Event "Let's Play Chess!"]
[Site "http://www.queenalice.com/game.php?id=75082"]
[Date "2006.6.8"]
[Round "-"]
[White "lastknight"]
[Black "laufchess"]
[Result "0-1"]
[WhiteElo "1484"]
[BlackElo "1185"]

1. e4 e5 2. Nf3 Nc6 3. Bb5 a6 4. Bxc6 bxc6 5. Nxe5 Qg5 6. Ng4 d5 7. d3 Qxg4 8.
Qxg4 Bxg4 9. Bf4 Rb8 10. b3 dxe4 11. dxe4 f6 12. Bxc7 Rb4 13. f3 Be6 14. c3 Rb7
15. Bf4 Bc5 16. b4 Ba7 17. Nd2 Ne7 18. Rd1 Bxa2 19. Ra1 Be6 20. Rxa6 Kf7 21. Kd1
Rd8 22. Kc2 Rdd7 23. Rd1 h5 24. e5 fxe5 25. Bxe5 Rb6 26. Ra4 Nd5 27. Ne4 Ne3+
0-1

[Event "Let's Play Chess!"]
[Site "http://www.queenalice.com/game.php?id=75086"]
[Date "2006.6.8"]
[Round "-"]
[White "romanopff"]
[Black "lastknight"]
[Result "0-1"]
[WhiteElo "1440"]
[BlackElo "1529"]

1. e4 d5 2. exd5 Qxd5 3. Qe2 Nf6 4. c4 Qa5 5. Nc3 Bg4 6. Nf3 e6 7. h3 Bh5 8. g4
Bg6 9. Bg2 c6 10. O-O Bd6 11. d3 Nbd7 12. Bd2 Qc7 13. d4 O-O 14. c5 Bf4 15. b4
Rad8 16. a4 e5 17. Bxf4 exf4 18. Ne5 Rfe8 19. b5 Nxe5 20. dxe5 Rxe5 21. Qc4 Bd3
22. Qb4 Bxf1 23. Rxf1 Rd3 24. bxc6 bxc6 25. Qc4 Rd7 26. Rd1 Rxd1+ 27. Nxd1 Re1+
28. Bf1 Rxd1 29. f3 Nd5 30. Qc2 Ne3 31. Qe2 Rxf1+ 32. Kh2 Qe5 33. a5 Nxg4+ 0-1

[Event "Let's Play Chess!"]
[Site "http://www.queenalice.com/game.php?id=75087"]
[Date "2006.6.8"]
[Round "-"]
[White "prashantv"]
[Black "lastknight"]
[Result "0-1"]
[WhiteElo "1464"]
[BlackElo "1468"]

1. e4 d5 2. Nc3 d4 3. Nd5 e6 4. Nf4 e5 5. Nf3 exf4 6. Bc4 Nc6 7. d3 Bg4 8. h3
Bh5 9. Bxf4 Bd6 10. e5 Bb4+ 11. Bd2 Qe7 12. O-O O-O-O 13. Bxb4 Qxb4 14. Rb1 Nxe5
15. Bd5 Rxd5 16. Re1 Nxf3+ 17. gxf3 Nf6 18. h4 Re8 19. Rxe8+ Nxe8 20. a3 Qe7 21.
Qf1 Qxh4 22. Qc1 Bxf3 23. Kf1 Qh3+ 24. Ke1 Re5+ 25. Kd2 Qh6# 0-1

[Event "Let's Play Chess!"]
[Site "http://www.queenalice.com/game.php?id=75665"]
[Date "2006.6.11"]
[Round "-"]
[White "king28"]
[Black "lastknight"]
[Result "1-0"]
[WhiteElo "1455"]
[BlackElo "1539"]

1. e4 d5 2. exd5 Qxd5 3. d3 Nf6 4. Nc3 Qa5 5. Bd2 Qb6 6. b3 g6 7. h3 Bg7 8. Qf3
c6 9. O-O-O Be6 10. Na4 Qc7 11. Bc3 O-O 12. Nc5 Nbd7 13. Nxd7 Bxd7 14. Re1 Rfe8
15. Ne2 e5 16. d4 e4 17. Qf4 Qxf4+ 18. Nxf4 Nd5 19. Nxd5 cxd5 20. Be2 b6 21. Bg4
Bb5 22. h4 h5 23. Be2 Bxe2 24. Rxe2 f5 25. Rhe1 Rac8 26. Bb2 a5 27. a4 Rc6 28.
f3 Rd8 29. Kb1 Rb8 30. fxe4 dxe4 31. Rd1 Rd8 32. Ba3 Rxd4 33. Rxd4 Bxd4 34. Rd2
Bc3 35. Rd8+ Kf7 36. Rd7+ Ke6 37. Re7+ Kd5 38. Rd7+ Ke5 39. Bc1 f4 40. Re7+ 1-0